| 000 | 00939nam a22002177a 4500 | ||
|---|---|---|---|
| 999 |
_c18020 _d18020 |
||
| 003 | BDDh-ASL | ||
| 005 | 20231015025654.0 | ||
| 008 | 200917b2008 ||||| b||| 001 0 d | ||
| 020 | _a9845102403 | ||
| 040 |
_aBDDh-ASL _cBDDh-ASL _dBDDh-ASL |
||
| 041 | _abengali | ||
| 082 |
_a297.092 _bAKM |
||
| 100 | 1 |
_aআখতারুজ্জামান, মো. _9854 |
|
| 245 | 1 |
_aমুসিলম ইতিহাসতত্ত্ব/ _cমো. আখতারুজ্জামান। |
|
| 246 | _aMuslim Itihastattwa. | ||
| 260 |
_aঢাকা: _bঢাকা বিশ্ববিদ্যালয়, _c২০০৮। |
||
| 300 |
_axiv, ২৯৪ পৃষ্ঠা: _c২২ সে. শি.। |
||
| 504 | _aগ্রন্থপঞ্জি ও নির্ঘন্ট সংযুক্ত। | ||
| 650 | 0 |
_9855 _aমুসলমানদের ইতিহাস _xইসলাম ধর্ম |
|
| 942 |
_2ddc _cBK |
||